| 000 | 02185cam a22003255a 4500 | ||
|---|---|---|---|
| 001 | 016111701 | ||
| 003 | OSt | ||
| 005 | 20150811101545.0 | ||
| 008 | 120620t2013 moua frb 001 0 eng|d | ||
| 020 | _a9781437724189 (hbk.) | ||
| 020 | _a1437724183 (hbk.) | ||
| 040 |
_aEG-ScBUE _beng _cEG-ScBUE |
||
| 082 | 0 | 4 |
_a617.695 _222 _bANU |
| 100 | 1 |
_aAnusavice, Kenneth J. _930157 |
|
| 245 | 1 | 0 |
_aPhillips' science of dental materials / _cKenneth J. Anusavice, Chiayi Shen, H. Ralph Rawls. |
| 246 | 3 | 0 | _aScience of dental materials |
| 250 | _a12th ed. | ||
| 260 |
_aSt. Louis, Missouri : _bElsevier Saunders, _cc.2013 _e(Beijing) |
||
| 300 |
_axiii, 571 p. : _bill. (some col.) ; _c29 cm. |
||
| 500 | _aIndex : p. 538-571. | ||
| 504 | _aIncludes bibliographical references. | ||
| 590 | _aMohamed Hussein | ||
| 650 | 0 |
_aDental materials. _930155 _2BUEsh |
|
| 651 | _2BUEsh | ||
| 653 |
_bDDent _cAugust2015 |
||
| 655 |
_vtext book _933728 |
||
| 700 | 1 |
_a Shen, Chiayi, _934815 _eauthor. |
|
| 700 | 1 |
_aRawls, H. Ralph, _934816 _eauthor. |
|
| 942 |
_2ddc _cBB _k617.695 ANU |
||
| 999 |
_c17914 _d17886 |
||